The American Republic

Đã lưu trong:
書目詳細資料
主要作者: Richard Hofstadter
格式: 圖書
語言:Undetermined
出版: New Jersey Prentice-Hall 1965
主題:
標簽: 添加標簽
沒有標簽, 成為第一個標記此記錄!
Thư viện lưu trữ: Trung tâm Học liệu Trường Đại học Cần Thơ
LEADER 00491nam a2200169Ia 4500
001 CTU_11083
008 210402s9999 xx 000 0 und d
082 |a 970.01 
082 |b H697/T1 
100 |a Richard Hofstadter 
245 4 |a The American Republic 
245 0 |c Richard Hofstadter, Daniel Aaron, William Miller 
260 |a New Jersey 
260 |b Prentice-Hall 
260 |c 1965 
650 |a america - history - to 1865 
980 |a Trung tâm Học liệu Trường Đại học Cần Thơ